[Event "BL 2016-17"]
[Site "Germany"]
[Date "2017.04.08"]
[Round "11"]
[White "Shytaj, Luca"]
[Black "Lauber, Arnd"]
[Result "1-0"]
[WhiteElo "2452"]
[BlackElo "2424"]
[Annotator "TA"]
[PlyCount "69"]
[EventDate "2017.??.??"]
[EventType "team-tourn"]
[EventCountry "GER"]
[SourceTitle "playchess.com"]
[Source "ChessBase"]
[SourceQuality "1"]
[WhiteTeam "Speyer-Schwegenheim"]
[BlackTeam "SF Berlin"]

{[%evp 12,69,23,-23,0,-13,-21,-29,-22,-28,-25,-29,-42,-62,-64,-71,-37,-58,-53,-58,-14,-21,-17,-14,-19,-21,-15,-103,-24,-163,-148,-129,-110,-125,-80,-95,0,-111,-23,-41,-37,-33,-21,-8,114,91,218,210,575,508,527,506,585,578,568,570,529,477,1812,1756]} 1. d4 e6 2. Nf3 Nf6 3. g3 d5 4. Bg2 b5 5. a4 b4 6. O-O Nbd7 7. a5 {LiveBook: 5 Games. D02: 1 d4 d5 2 Nf3 sidelines, including 2...Nf6 3 g3 and 2...Nf6 3 Bf4} Bd6 (7... Ba6 8. c3 bxc3 9. bxc3 c5 10. Qa4 Bxe2 11. Re1 Bxf3 12. Bxf3 Be7 13. Bf4 O-O 14. Nd2 Re8 {1-0 (35) Kamsky,G (2732)-Ponomariov,R (2723) Beijing 2011}) 8. c4 bxc3 $1 9. Nxc3 $146 {The position is equal.} (9. bxc3 Ba6 10. Ba3 O-O 11. Re1 Rc8 12. Nbd2 Bxa3 13. Rxa3 c5 14. e3 Ne8 {1-0 (45) Vaishali,R (2313)-Ali Marandi,C (2454) Doha 2015}) 9... Rb8 10. Qc2 O-O 11. Rd1 Ba6 12. Bf4 Bxf4 13. gxf4 c6 14. Ra3 Qc7 15. Ne5 Rfc8 16. Na4 Nxe5 17. fxe5 (17. dxe5 Nd7 18. e3 Rb4 $17) 17... Nd7 $1 18. e4 Rb4 19. Rd2 (19. Qc3 $11 Rc4 20. Qd2) 19... Bc4 (19... Qd8 $17 {Hoping for ...dxe4.} 20. h3 h6) 20. Nc3 (20. Qc3 $11 {and White stays safe.} Rbb8 21. f4) 20... Rcb8 $19 21. Qc1 Qb7 {[%cal Rb4b2]} 22. Nd1 Bb3 23. Ne3 Bc4 24. Nd1 Rb3 (24... c5 $17 {...cxd4 is the strong threat.} 25. dxc5 dxe4) 25. Rxb3 Qxb3 26. Ne3 Rb4 27. Rc2 {[%cal Bd2c2,Bc2c3,Bc3c8,Bc8b8,Bb8b7][%mdl 32]} Ra4 (27... Qa4 $11 {remains equal.}) 28. Rc3 $16 (28. Nxc4 $6 Rxc4 29. Rxc4 dxc4 $11) 28... Qb5 (28... Qa2 $16) 29. exd5 $1 $18 ({Stronger than} 29. Nxc4 dxc4 30. Bf1 Qxa5 $11) 29... cxd5 $2 {[#]} (29... Bxd5 {is a better chance.} 30. Bxd5 (30. Nxd5 exd5 31. Rxc6 Rxd4 $11) 30... exd5) 30. b3 $1 {[%mdl 512] White is clearly winning.} ({Inferior is} 30. Nxc4 dxc4 31. Bf1 Qxa5 32. Rxc4 Rxc4 33. Qxc4 (33. Bxc4 Qc7 $11) 33... Qd8 $11) 30... Bxb3 {[#]} 31. Rc8+ $1 Nf8 32. Qc7 {aiming for Qe7.} Ra1+ 33. Bf1 Qb4 34. Rb8 (34. Qxa7 Bc4 35. Nxc4 dxc4 $11) 34... Qa3 (34... Rc1 $142 35. Rxf8+ Qxf8 36. Qxc1 Bc4 37. Nxc4 Qc8) 35. Rb7 ({Weaker is} 35. Qxa7 Bc4 $14) 1-0

[Event "BL 2016-17"]
[Site "Germany"]
[Date "2017.04.08"]
[Round "11"]
[White "Carlstedt, Jonathan"]
[Black "Raykhman, Alexander"]
[Result "1/2-1/2"]
[WhiteElo "2450"]
[BlackElo "2403"]
[Annotator "TA"]
[PlyCount "131"]
[EventDate "2017.??.??"]
[EventType "team-tourn"]
[EventCountry "GER"]
[SourceTitle "playchess.com"]
[Source "ChessBase"]
[SourceQuality "1"]
[WhiteTeam "Hamburger SK"]
[BlackTeam "Schwäbisch Hall"]

{[%evp 25,131,14,12,10,28,26,24,19,19,21,25,2,12,7,7,0,0,0,31,40,25,22,24,0,0,0,0,0,0,0,0,0,17,0,0,0,4,0,0,0,0,-11,-8,-33,-31,-33,-33,-33,-33,-35,-43,-43,-43,-111,-76,-135,-135,-135,-130,-131,-99,-99,-99,-99,-99,-99,0,-99,0,-101,-74,-101,-101,-101,-101,-101,-36,-76,-36,-36,-36,-36,-43,-43,0,0,0,0,0,0,0,0,0,0,0,0,0,0,0,0,0,0,0,0,0,0,0,0]} 1. d4 Nf6 2. Nf3 g6 3. c4 Bg7 4. g3 O-O 5. Bg2 d6 6. Nc3 Nc6 7. O-O a6 8. Qd3 e5 9. dxe5 {E63: King's Indian: Fianchetto: Panno Variation with 7...a6} (9. d5 Nb4 10. Qd1 a5 11. h3 Bf5 12. Nh4 Bd7 13. e4 c6 14. Be3 Ne8 15. Nf3 f5 16. a3 Na6 {1-0 (50) Kovalenko,I (2700)-Korobov,A (2700) Berlin 2015}) 9... Nxe5 10. Nxe5 dxe5 11. Qxd8 Rxd8 12. Bg5 Re8 13. Nd5 Nxd5 {LiveBook: 4 Games} 14. cxd5 (14. Bxd5 e4 15. f3 Bh3 $15) 14... Bf8 15. Rac1 Bd6 $1 16. Bf6 $146 (16. Rc2 Bd7 {½-½ (42) Schild,R (2179)-Hamilton,D (2073) ICCF email 2013}) 16... Bd7 17. Rc2 a5 18. Rfc1 Ra6 19. Bg5 e4 20. f3 (20. Rxc7 Bxc7 21. Rxc7 Rd6 $17) 20... Bf5 {Hoping for ...exf3.} 21. Rc4 {[%cal Rf3e4]} ({Much weaker is} 21. Rxc7 Bxc7 22. Rxc7 Rd6 $17) 21... exf3 22. Bxf3 Rb6 23. Bf6 Rb4 24. Rxc7 Bxc7 25. Rxc7 Rc8 $1 {[%cal Rc8c7]} 26. Re7 Rb6 27. Bd4 Kf8 28. Re3 Rd6 (28... Ra6 $5 {feels hotter.} 29. Rb3 Rc4 30. e3 Rc1+ 31. Kf2 Rc2+) 29. Rb3 Rd7 30. Rb5 Re8 31. Rxa5 Be4 32. Kf2 f5 33. d6 Kf7 34. Ra7 Ke6 $36 {[%mdl 2048] Black has good play.} 35. Bc5 b6 36. Rxd7 Kxd7 37. Bxb6 Kxd6 $15 {[%mdl 4096] Endgame KRB-KB} 38. a4 Kc6 39. Bd4 (39. Ba5 $15) 39... Bxf3 40. exf3 $17 {[#] KR-KB} ({Better is} 40. Kxf3 Ra8 41. e4) 40... Ra8 $1 41. b3 Rb8 42. a5 Rxb3 43. a6 Ra3 {And now ...Kd5 would win.} 44. a7 Kd5 45. Bb6 Kc6 46. Bd4 Kd5 47. Bb6 $1 g5 48. g4 Ra2+ 49. Ke3 f4+ 50. Kd3 h6 (50... Ra3+ $2 51. Ke2 $19) (50... Ra6 $17 {...Ra2 is the strong threat.} 51. h3 Ra3+ 52. Ke2 h6) 51. h3 Kc6 52. Bd4 Kb7 53. Bg7 $1 Ra3+ ({Don't take} 53... Rxa7 54. Bxh6 Ra5 55. Bg7 $17) 54. Ke4 Re3+ 55. Kf5 {The position is equal.} Rxf3 56. Bxh6 Rxh3 {aiming for ...f3.} 57. Bxg5 f3 {Threatens to win with ...f2.} 58. Be3 f2 59. Bxf2 Rf3+ 60. Ke6 Rxf2 $11 {KR-KPP} 61. g5 Rg2 62. Kf6 Kxa7 63. g6 Kb7 64. g7 Kc7 65. Kf7 {[#]} Rxg7+ $1 {[%mdl 512]} 66. Kxg7 1/2-1/2

[Event "BL 2016-17"]
[Site "Germany"]
[Date "2017.04.08"]
[Round "11"]
[White "Cioara, Andrei-Nestor"]
[Black "Warmerdam, Max"]
[Result "1-0"]
[WhiteElo "2443"]
[BlackElo "2376"]
[Annotator "TA"]
[PlyCount "63"]
[EventDate "2017.??.??"]
[EventType "team-tourn"]
[EventCountry "GER"]
[SourceTitle "playchess.com"]
[Source "ChessBase"]
[SourceQuality "1"]
[WhiteTeam "SG Trier"]
[BlackTeam "Mülheim Nord"]

{[%evp 18,63,49,3,37,35,65,63,95,85,87,89,71,72,122,117,113,123,155,141,150,152,189,108,185,187,239,158,167,166,239,241,225,226,257,245,260,252,243,269,306,311,299,240,245,249,265,220]} 1. d4 Nf6 2. c4 g6 3. g3 Bg7 4. Bg2 O-O 5. Nc3 d6 6. Nf3 Nc6 7. O-O a6 8. Bf4 Bf5 {E63: King's Indian: Fianchetto: Panno Variation with 7...a6} (8... h6 9. h3 Nh5 10. Be3 f5 11. d5 Na5 12. Qd3 c5 13. dxc6 Nxc6 14. c5 dxc5 15. Qc4+ Kh7 16. Bxc5 {1-0 (45) Gagunashvili,M (2569)-Fedoseev,V (2685) Gjakova 2016}) 9. Rc1 Ne4 10. Nd5 {LiveBook: 3 Games} e5 {The position is equal.} 11. Be3 Nf6 12. dxe5 Nxd5 $146 (12... dxe5 13. Bg5 Re8 14. Nd2 h6 15. Nxf6+ Bxf6 16. Bxh6 {½-½ (35) Bindrich,F (2507)-Savitskiy,S (2373) Khanty-Mansiysk 2010}) 13. cxd5 (13. Qxd5 $6 dxe5 14. Rfd1 Qc8 $11) 13... Nxe5 14. Nd4 Bd7 15. h3 c5 16. dxc6 Nxc6 17. Nxc6 bxc6 18. Qxd6 Bxb2 19. Rb1 (19. Bxc6 Bxc1 20. Rxc1 Bxc6 21. Qxc6 Rc8 $17) 19... Bg7 20. Rfd1 (20. Rbd1 $18 Be6 21. Qxc6) 20... Be6 (20... Bf5 $16 {was worth a try.} 21. Rb6 (21. Qxc6 Bxb1 22. Rxd8 Raxd8 $16) 21... a5 22. Bxc6 (22. Rxc6 Qxd6 23. Rcxd6 Rab8 $16) 22... Qxd6 23. Rxd6 Rad8 24. Rxd8 Rxd8) 21. Qxc6 $18 Qa5 (21... Qf6 $142 22. Bd4 Qf5) 22. Qb6 Qxb6 23. Rxb6 ({But not} 23. Bxb6 $6 Rab8 $11) 23... Rac8 (23... Rad8 {was called for.} 24. Rxd8 Rxd8) 24. Rxa6 Bc4 25. Ra7 Bxe2 26. Rdd7 Bc4 27. a4 {[%cal Ba2a4,Ba4a5][%mdl 32]} Be6 28. Rd1 Rc4 29. a5 Ra4 30. Bb6 Bc3 31. Bc6 Ra3 32. Kg2 1-0

[Event "BL 2016-17"]
[Site "Jenbach"]
[Date "2017.04.22"]
[Round "11"]
[White "Nayhebaver, Martin"]
[Black "Antoniewski, Rafal"]
[Result "1/2-1/2"]
[WhiteElo "2442"]
[BlackElo "2532"]
[Annotator "TA"]
[PlyCount "72"]
[EventDate "2017.??.??"]
[EventCountry "AUT"]
[SourceTitle "playchess.com"]
[Source "ChessBase"]
[SourceQuality "1"]
[WhiteTeam "Bregenz"]
[BlackTeam "St. Veit"]

{[%evp 17,72,27,35,33,35,32,40,28,25,39,33,22,17,0,0,0,0,0,0,0,0,-23,7,0,4,3,12,6,7,0,11,0,10,0,7,0,7,25,17,0,0,0,0,0,0,0,0,0,0,0,0,0,0,0,0,0,0]} 1. e4 c5 2. Nf3 {[%cal Bg1f3,Bf3d2,Bd2f1,Bf1e3,Be3d5][%mdl 32]} Nc6 3. Nc3 e5 4. Bc4 Be7 5. d3 Nf6 6. Nd2 d6 7. Nf1 Nd7 {B30: Sicilian: 2...Nc6 3 Bb5, lines without ...g6} (7... Bg4 8. f3 Be6 9. Ne3 O-O 10. O-O Nd7 11. Ncd5 Bg5 12. c3 Na5 13. a3 Nxc4 14. dxc4 g6 15. Qe2 Bh6 16. Bd2 Bg7 17. Rad1 Rc8 18. Be1 {½-½ (42) Shabalov,A (2556)-Nakamura,H (2793) Saint Louis 2017}) 8. Ne3 Nb6 9. O-O O-O {LiveBook: 3 Games. White has an edge.} 10. Ncd5 Bg5 11. Nxb6 axb6 12. Nd5 Bxc1 13. Rxc1 b5 $146 (13... Be6 14. a3 Ne7 15. Nxe7+ Qxe7 16. c3 {½-½ (16) Fogarasi,T (2369)-Seres,L (2400) Hungary 2014}) 14. Bxb5 Rxa2 15. Rb1 (15. Bc4 $5 {with more complications.} Rxb2 16. Ra1 Nd4 17. Ra8 Qd7 18. Ne3) 15... Ra5 16. Bxc6 bxc6 17. Ne3 d5 18. Qf3 {[%cal Re4d5]} Be6 19. Qg3 dxe4 20. dxe4 ({But not} 20. Qxe5 exd3 21. cxd3 Qxd3 $15) 20... c4 21. Rfd1 Qe7 22. h3 h6 23. Qf3 Rb8 24. Nf5 Bxf5 25. Qxf5 Ra7 26. c3 Rab7 27. Rd2 Qg5 28. Qxg5 {The position is equal.} (28. Rd6 $5 {feels hotter.} Rxb2 29. Rxb2 Qc1+ 30. Kh2 Qxb2 31. Qxe5 Qxf2 32. Rxc6 Rb2 33. Rc8+) 28... hxg5 29. Ra1 Rxb2 30. Rxb2 Rxb2 $11 {[%mdl 4096] Endgame KR-KR} 31. Ra8+ Kh7 32. Ra4 Rb1+ 33. Kh2 Rb5 34. Rxc4 c5 35. Ra4 Rb3 36. Rc4 Rb5 1/2-1/2

[Event "BL 2016-17"]
[Site "Jenbach"]
[Date "2017.04.22"]
[Round "11"]
[White "Baldauf, Marco"]
[Black "Diermair, Andreas"]
[Result "1/2-1/2"]
[WhiteElo "2439"]
[BlackElo "2469"]
[Annotator "TA"]
[PlyCount "97"]
[EventDate "2017.??.??"]
[EventCountry "AUT"]
[SourceTitle "playchess.com"]
[Source "ChessBase"]
[SourceQuality "1"]
[WhiteTeam "Hohenems"]
[BlackTeam "Feffernitz"]

{[%evp 14,97,22,0,0,-8,13,17,15,-28,-20,-27,-27,-23,-23,-20,-29,-12,-22,-21,-12,-14,-15,-64,-63,-63,-58,-63,-67,-68,0,0,0,-25,-18,-29,-26,-33,-33,-31,-29,-29,-26,-72,-69,-127,-18,-18,-18,-18,-23,-62,-58,-58,-8,-8,-8,-8,-8,-8,-8,-8,-8,-8,-8,-8,-8,-8,-8,-8,-8,-8,-8,-72,0,0,0,-8,0,0,0,0,0,-8,-8,-8]} 1. c4 Nf6 2. Nc3 e5 3. Nf3 Nc6 4. g3 Bb4 5. Bg2 O-O 6. O-O Bxc3 7. bxc3 Re8 {A29: English Opening: Four Knights Variation with 4 g3} 8. Rb1 {LiveBook: 3 Games} e4 9. Nd4 h6 $146 (9... d5 10. cxd5 Qxd5 11. Nb5 Qd7 12. d3 a6 13. Nd4 Nd5 14. Bb2 Nxd4 15. cxd4 {½-½ (45) Ivanchuk,V (2768)-Ponomariov,R (2764) Khanty-Mansiysk 2011}) 10. f3 exf3 11. Nxc6 fxe2 12. Nxd8 exd1=Q (12... exd1=R $5 {with more complications.} 13. Rxd1 Rxd8 14. Ba3 d6 15. Bxb7 Rb8) 13. Rxd1 Rxd8 14. Ba3 d6 15. Bxb7 Rb8 16. Bxc8 Rdxc8 17. c5 d5 18. c6 Rb6 19. Bc5 Rxc6 20. Bxa7 Ra6 21. Bd4 Rxa2 (21... Ne4 $15 22. Rb2 c5) 22. Bxf6 $1 $11 gxf6 $15 {[%mdl 4096] Endgame KRR-KRR} 23. Rb5 c6 24. Rb6 Kg7 25. Kf2 f5 26. Kf3 Kf6 27. Kf4 h5 28. h4 Ra4+ 29. Rb4 ({But not} 29. d4 Rc4 30. Rb3 Rg8 $17) (29. Kf3 $1 $15) 29... Ra6 (29... Rxb4+ $17 30. cxb4 Rg8) 30. Re1 $11 Rg8 31. Kf3 $1 Rg4 32. Re8 Rxb4 33. cxb4 $15 {KR-KR} Ra3+ 34. Re3 $1 {[%cal Re3a3]} Ra4 35. Rc3 Rxb4 36. Rxc6+ Ke5 37. Rh6 $1 Rb3+ 38. Kf2 Rd3 {Threatens to win with ...Ke4.} 39. Rxh5 Ke4 40. Rh7 $1 Rxd2+ 41. Ke1 $1 {[%cal Re1d2]} Rg2 {And now ...Ke3 would win.} 42. Rxf7 Rxg3 {Hoping for ...Rg2.} 43. Kf2 $1 {[%cal Rf2g3] [#]} f4 ({Better is} 43... Rg8 $1 $17 44. Re7+ Kf4) 44. Re7+ $11 {The position is equal.} Kd3 45. Ra7 d4 46. h5 Kc2 47. Rc7+ Kd2 48. Rf7 Rh3 49. Rxf4 1/2-1/2

[Event "BL 2016-17"]
[Site "Germany"]
[Date "2017.04.08"]
[Round "11"]
[White "Baldauf, Marco"]
[Black "Csonka, Attila Istvan"]
[Result "1/2-1/2"]
[WhiteElo "2439"]
[BlackElo "2355"]
[Annotator "TA"]
[PlyCount "113"]
[EventDate "2017.??.??"]
[EventType "team-tourn"]
[EventCountry "GER"]
[SourceTitle "playchess.com"]
[Source "ChessBase"]
[SourceQuality "1"]
[WhiteTeam "SF Berlin"]
[BlackTeam "Speyer-Schwegenheim"]

{[%evp 1,1,10]} 1. Nf3 Nf6 $146 (1... d5 2. d4 e6 3. c4 Be7 4. Nc3 Nf6 5. Bg5 h6 6. Bh4 O-O 7. e3 b6 8. Be2 Bb7 9. O-O Nbd7 10. Qc2 dxc4 11. Bxc4 a6 12. Rfd1 Qe8 13. a4 c5 14. d5 exd5 15. Nxd5 Nxd5 16. Bxd5 Bxd5 17. Rxd5 Bxh4 18. Nxh4 Nf6 19. Rd6 Ne4 20. Rd5 Nf6 21. Rd6 Ne4 22. Rd5 {½-½ (22) Andreikin,D (2722)-Kasimdzhanov,R (2706) Tashkent 2014}) 2. c4 e6 3. g3 d5 4. Bg2 Be7 5. d4 O-O 6. Qc2 Nbd7 7. O-O c6 {[%cal Bc7c6,Bc6c5][%mdl 32]} 8. Nbd2 b6 9. e4 Ba6 10. b3 Rc8 11. Bb2 c5 12. exd5 exd5 13. Rfe1 {E09: Closed Catalan: Main Line: 7 Qc2 c6 8 Nbd2} b5 (13... dxc4 14. bxc4 Bb7 15. d5 Ne8 16. Ne4 f5 17. Ned2 Nc7 {1-0 (32) Inarkiev,E (2660)-Safarli,E (2657) Berlin 2015}) 14. cxb5 Bxb5 15. Rac1 c4 16. bxc4 $146 (16. Bf1 Nb6 17. Ne5 Bb4 18. Bc3 Bxc3 19. Qxc3 cxb3 20. Qxb3 Bxf1 21. Rxf1 {1-0 (46) Kanko,I (2219)-Nautsch,W (2290) Dresden 2008}) 16... Bxc4 17. Nxc4 Rxc4 18. Qd3 Rxc1 19. Bxc1 Bb4 20. Bd2 Bxd2 21. Qxd2 Ne4 22. Qc2 Ndf6 23. Ne5 Qc8 24. Nc6 Kh8 25. f3 Nd6 26. Rc1 Qe6 27. Ne5 Nd7 28. f4 f6 29. Nxd7 Qxd7 30. Bxd5 Nf5 31. Qc6 Qe7 32. Qe6 Qxe6 33. Bxe6 Nxd4 34. Bg4 f5 35. Bd1 g6 36. Kf2 Re8 37. Rc4 {[%cal Bc1c4,Bc4d4,Bd4d5,Bd5c5,Bc5c6,Bc6d6][%mdl 32]} Nb5 {[%cal Bd4b5,Bb5d6,Bd6e8,Be8c7,Bc7d5][%mdl 32]} 38. Bf3 Re7 39. a4 Nd6 40. Rd4 Re6 41. Rd5 Kg7 42. Rc5 Re7 43. Rc6 Ne8 44. h3 Nc7 45. Be2 Nd5 46. Bf3 Nc7 47. Rd6 Ne8 48. Ra6 Nf6 49. g4 fxg4 50. hxg4 h6 51. Ra5 Ne8 52. Be2 Nf6 53. Bf3 Ne8 54. Bc6 Nf6 55. g5 hxg5 56. fxg5 Ng4+ 57. Kg3 1/2-1/2

[Event "BL 2016-17"]
[Site "Germany"]
[Date "2017.04.08"]
[Round "11"]
[White "Grabarczyk, Miroslaw"]
[Black "Mons, Leon"]
[Result "1/2-1/2"]
[WhiteElo "2435"]
[BlackElo "2472"]
[Annotator "TA"]
[PlyCount "40"]
[EventDate "2017.??.??"]
[EventType "team-tourn"]
[EventCountry "GER"]
[SourceTitle "playchess.com"]
[Source "ChessBase"]
[SourceQuality "1"]
[WhiteTeam "Griesheim"]
[BlackTeam "Zugzwang München"]

{[%evp 29,40,0,0,0,0,-3,0,-20,0,0,0,-7,-8]} 1. d4 d5 2. c4 e6 3. Nf3 Nf6 4. g3 Be7 5. Bg2 O-O 6. O-O dxc4 7. Qc2 a6 8. a4 Bd7 9. Qxc4 Bc6 10. Bf4 Bd6 11. Bg5 Nbd7 12. Nc3 h6 {E05: Open Catalan: 5 Nf3 Be7} 13. Bxf6 Nxf6 14. Rfe1 (14. Nd2 Bxg2 15. Kxg2 a5 16. Rfd1 c6 17. Nde4 Nxe4 18. Nxe4 Bb4 19. Nc5 Qd5+ 20. Qxd5 exd5 {0-1 (96) Banusz,T (2613)-Harikrishna,P (2752) Monzon 2016}) 14... Bxf3 15. Bxf3 c6 {LiveBook: 4 Games. The position is equal.} 16. a5 Qe7 17. Ne4 $146 (17. Red1 Rac8 18. Qb3 Rfd8 19. e3 e5 20. d5 {½-½ (59) Prohaszka,P (2597)-Karavade,E (2405) Dubai 2015}) 17... Nxe4 18. Bxe4 Rfd8 19. Red1 Rd7 20. Rd3 Rad8 1/2-1/2

[Event "BL 2016-17"]
[Site "Jenbach"]
[Date "2017.04.22"]
[Round "11"]
[White "Atlas, Valery"]
[Black "Skoberne, Jure"]
[Result "1/2-1/2"]
[WhiteElo "2432"]
[BlackElo "2555"]
[Annotator "TA"]
[PlyCount "66"]
[EventDate "2017.??.??"]
[EventCountry "AUT"]
[SourceTitle "playchess.com"]
[Source "ChessBase"]
[SourceQuality "1"]
[WhiteTeam "Hohenems"]
[BlackTeam "Feffernitz"]

{[%evp 20,66,32,27,55,52,39,35,54,38,41,36,65,65,78,60,71,25,7,14,14,16,41,0,23,25,25,25,54,55,47,52,50,39,31,11,11,11,12,12,33,10,4,0,0,0,12,12,12]} 1. e4 e6 2. d4 d5 3. Nc3 Nf6 4. e5 Nfd7 5. Nce2 c5 6. f4 Nc6 7. c3 Qb6 8. Nf3 f6 9. a3 a5 {C11: French: Classical System: 4 e5 and 4 Bg5 dxe4} (9... Be7 10. b4 cxd4 11. cxd4 O-O 12. h4 a5 13. b5 Qxb5 14. Nc3 Qb6 15. Rb1 Qd8 16. Bd3 h6 17. Nb5 Na7 18. Ng5 fxg5 19. hxg5 Nxb5 20. gxh6 {0-1 (31) Baramidze,D (2615)-Bartel,M (2635) Germany 2012}) 10. g3 Be7 11. Bh3 {LiveBook: 5 Games} Nd8 {[%cal Bc6d8,Bd8f7,Bf7g5,Bg5f3][%mdl 32] White has an edge.} 12. O-O O-O 13. Kh1 Qc6 $146 (13... Qc7 14. Be3 b6 15. Qd2 Bb7 16. g4 g6 17. Bg2 {1-0 (36) Csirik,A (2302)-Koban,B (2227) Zalakaros 2009}) 14. Be3 b6 15. Rf2 Ra7 16. g4 Nf7 17. Ng3 fxe5 18. fxe5 ({Much worse is} 18. Nxe5 $6 Nfxe5 19. fxe5 (19. dxe5 g5 $15) 19... Rxf2 20. Bxf2 cxd4 21. cxd4 Bg5 $11) 18... Ng5 19. Bg2 {[%cal Bh3g2,Bg2f3,Bf3g4][%mdl 32]} Nxf3 20. Rxf3 Ba6 21. Rc1 Qc8 22. g5 Rxf3 23. Bxf3 cxd4 24. cxd4 Rc7 25. Bg4 Nf8 26. h4 (26. Rxc7 $5 {is interesting.} Qxc7 27. h4 Qd7 28. Qd2 Ng6 29. Qh2) 26... Rxc1 27. Qxc1 (27. Bxc1 $5 {creates asymmetry.} Ng6 28. h5 Nh4 29. Bf4 g6 30. Kh2) 27... Qxc1+ 28. Bxc1 Kf7 29. Kg2 Bc4 30. Bd2 Bd8 {The position is equal.} 31. Ne2 Ng6 {...Bxe2 is the strong threat.} 32. Kg3 Bd3 33. Nf4 Nxf4 1/2-1/2

[Event "BL 2016-17"]
[Site "Jenbach"]
[Date "2017.04.22"]
[Round "11"]
[White "Kreisl, Robert"]
[Black "Pilz, Dieter"]
[Result "1-0"]
[WhiteElo "2426"]
[BlackElo "2208"]
[Annotator "TA"]
[PlyCount "111"]
[EventDate "2017.??.??"]
[EventCountry "AUT"]
[SourceTitle "playchess.com"]
[Source "ChessBase"]
[SourceQuality "1"]
[WhiteTeam "Maria Saal"]
[BlackTeam "Absam"]

{[%evp 22,111,74,77,103,77,85,70,69,53,97,82,82,95,96,96,99,99,118,125,119,116,118,111,102,112,172,178,180,175,179,141,168,165,172,161,201,195,231,231,228,212,261,277,271,266,272,267,270,279,364,346,450,454,454,443,437,289,302,297,275,252,228,223,221,0,264,285,266,287,408,390,379,245,509,474,12687,1423,1085,2322,29936,29939,7104,12847,6320,11492,6219,6079,4133,3493,29982,29983]} 1. d4 Nf6 2. Nf3 c5 3. e3 e6 4. Bd3 b6 5. O-O Bb7 6. c4 Be7 7. Nc3 O-O 8. d5 exd5 9. cxd5 d6 10. e4 Nbd7 11. h3 a6 12. a4 Qc7 {E14: Queen's Indian: Classical Variation (4 e3)} 13. b3 Ne8 14. Be3 $146 (14. Qc2 g6 15. Bb2 Bf6 16. Nd2 Ng7 17. Kh2 Rac8 18. Rac1 Bd4 19. Nf3 Bf6 20. Nd2 {½-½ (44) Payen,A (2372)-Almeida Quintana,O (2527) Paris 2008}) 14... Bf6 {White is slightly better.} 15. Rc1 g6 16. Bh6 Bg7 17. Qd2 f6 18. Be3 $36 {[%mdl 2048] White is in control.} Qd8 19. Ne2 Ne5 20. Nxe5 fxe5 21. b4 a5 22. bxc5 bxc5 23. Rb1 Ba6 (23... Bc8 $16) 24. Bxa6 $18 Rxa6 25. Rb7 Ra8 26. Bg5 Qc8 27. Rfb1 Rf7 28. R7b6 Bf8 29. R1b5 Be7 30. Bxe7 Rxe7 31. Rxa5 Rea7 32. Rxa7 Rxa7 33. Nc3 Qd8 34. Qb2 Ra8 35. Rb7 Qg5 36. g3 h5 37. h4 Qd8 38. Kg2 Nf6 39. f3 Ne8 40. Qd2 {[#] aiming for Qh6.} Rb8 41. Rxb8 Qxb8 42. Nb5 Qb6 43. Qg5 $2 ({Inferior is} 43. Qh6 Qa5 $11) (43. Qc2 $18) 43... Kf7 $2 {[%mdl 8192] [#]} (43... Qa5 $1 $11) 44. f4 exf4 45. Qxf4+ ({Much less strong is} 45. gxf4 $6 Qa5 $16) 45... Kg7 (45... Ke7 {is a better defense.} 46. Qg5+ Kf7) 46. e5 Qb7 47. Qe4 ({Not} 47. Nxd6 Qxd5+ 48. Qf3 Qd2+ 49. Kh3 Nxd6 $16) 47... dxe5 $2 (47... Qe7 48. a5 dxe5) 48. Qxe5+ Nf6 (48... Kh7 $142 49. Qxe8 Qxd5+ 50. Kg1 Qd1+ 51. Kf2 Qc2+ 52. Qe2 Qxa4 53. Qe7+ Kh6 54. Qf8+ Kh7 55. Qxc5 Qa2+ 56. Ke3 Qe6+ 57. Kd3 Qf6) 49. Nc7 Kf7 50. Qe6+ Kg7 51. Qe7+ Kg8 52. Qxf6 Qxc7 53. Qxg6+ Kf8 54. Qf6+ Kg8 55. Qg5+ Kf8 56. Qf4+ 1-0

[Event "BL 2016-17"]
[Site "Germany"]
[Date "2017.04.08"]
[Round "11"]
[White "Zelbel, Patrick"]
[Black "Goloshchapov, Alexander"]
[Result "1-0"]
[WhiteElo "2425"]
[BlackElo "2585"]
[Annotator "TA"]
[PlyCount "133"]
[EventDate "2017.??.??"]
[EventType "team-tourn"]
[EventCountry "GER"]
[SourceTitle "playchess.com"]
[Source "ChessBase"]
[SourceQuality "1"]
[WhiteTeam "Mülheim Nord"]
[BlackTeam "SG Trier"]

{[%evp 32,133,84,72,80,67,106,97,145,141,132,137,175,179,178,166,172,146,208,139,142,104,225,179,171,143,146,153,159,115,128,129,130,118,189,189,184,171,165,162,178,187,187,186,205,201,205,202,240,235,225,239,350,296,299,278,358,255,255,255,245,251,257,257,256,247,291,245,252,243,252,243,249,221,266,280,307,266,267,266,266,266,329,319,301,302,927,917,846,832,988,979,963,945,2438,2423,1272,1295,2114,1779,1880,1624,1743,1545]} 1. e4 e6 2. d4 d5 3. Nd2 c5 4. exd5 Qxd5 5. Ngf3 cxd4 6. Bc4 Qd6 7. O-O Nf6 8. Nb3 Nc6 9. Nbxd4 Nxd4 10. Nxd4 a6 11. Re1 Qc7 12. Qe2 Bd6 {C07: French Tarrasch: 3...c5, 4 Ngf3 and 4 exd5 Qxd5} 13. Bg5 O-O 14. Bxf6 gxf6 15. Bd3 f5 16. Qh5 Be5 {[#]} 17. c3 $1 {LiveBook: 3 Games} ({Much worse is} 17. Qg5+ $6 Kh8 18. Qh6 Bg7 $15) 17... Kh8 18. Nf3 f6 $146 (18... Bg7 19. g4 Qf4 20. gxf5 {½-½ (62) Kamsky,G (2741)-Lou,Y (2484) Tromsoe 2013}) 19. Qh6 {[%cal Rh6f8]} Bd6 20. Nd4 Qf7 21. Bc4 Re8 {[#]} 22. Nxf5 $1 {[%mdl 512]} Bf8 (22... exf5 23. Rxe8+) 23. Qf4 b5 24. Bb3 Bb7 (24... a5 $16 {keeps fighting.}) 25. Re3 Rad8 26. Rae1 Qd7 (26... Bd5 $16) 27. Qg4 {[%cal Re3e6]} Bd5 28. Bxd5 Qxd5 29. Ng3 e5 30. Nh5 Qe6 31. Qxe6 $40 {[%mdl 128] White wants a kill.} Rxe6 32. g4 b4 (32... Bh6 $16) 33. cxb4 $18 Bxb4 34. R1e2 Rc6 35. Kg2 a5 36. h3 Kg8 37. Rf3 ({Don't play} 37. g5 fxg5 38. Rxe5 h6 $16) 37... Rf8 38. Rf5 Be7 39. f4 Rfc8 40. fxe5 fxe5 41. Rfxe5 Bd8 (41... Bc5 {was worth a try.} 42. Rg5+ Kh8) 42. Rd5 Bb6 43. Rd7 h6 44. Ng3 Rc2 45. Rd6 Rxe2+ 46. Nxe2 {[%mdl 4096] Endgame KRB-KRN} Be3 47. Kf3 Bg5 48. Nd4 Kf7 49. Rd5 a4 50. Ra5 Rb8 51. Rb5 Rc8 52. Ke4 Re8+ 53. Kf5 Re3 54. Rb7+ Ke8 55. Ra7 Rxh3 56. Rxa4 Rh2 57. Ke6 Kd8 58. Kd6 {[%cal Ra4a8]} Kc8 $2 (58... Ke8 59. b4 Rd2) 59. Rc4+ {White is clearly winning.} Kb7 60. Rb4+ Kc8 61. Nf3 Rf2 62. Nxg5 hxg5 63. Ke5 Kc7 64. a4 {[%cal Ba2a4,Ba4a5,Ba5a6][%mdl 32]} Rf1 65. b3 Kc6 66. a5 Rf8 67. a6 1-0